| 000 | 00897nmc a2200325 a 4500 | ||
|---|---|---|---|
| 003 | AR-BaBNM | ||
| 005 | 20251128211057.0 | ||
| 008 | 172020s1997 ||||||||||||||000 | spa|| | ||
| 020 | _a950-21-1274-1 | ||
| 040 | _cAR-BaBNM | ||
| 100 | 1 | _aManacorda de Rosetti, Mabel V. | |
| 245 | 1 | 0 | _aPautas pragmáticas y sintácticas para redactar una ley |
| 260 |
_aBuenos Aires _bPlus Ultra _c1997 |
||
| 300 | 0 | _a108 p. | |
| 490 | 0 | _aCuadernos de Lingüística Aplicada | |
| 504 | _aContiene bibliografía en p. 106 | ||
| 650 | 4 | _aLINGUISTICA | |
| 650 | 4 | _aSINTAXIS | |
| 650 | 4 | _aANALISIS LINGUISTICO | |
| 650 | 4 | _aREDACCION DE INFORMES | |
| 650 | 4 | _aGRAMATICA | |
| 650 | 4 | _aENSENANZA DEL DERECHO | |
| 650 | 4 | _aREDACCION TECNICA | |
| 650 | 4 | _aPROYECTOS DE LEY | |
| 653 | 0 | _aPRAGMATICA | |
| 700 | 1 | _aRosetti, Raúl A. | |
| 800 | 1 | _aYahni, Roberto | |
| 942 | _cBK | ||
| 998 | _calicia | ||
| 999 |
_c18122 _d18122 |
||